000 00470nam a2200169Ia 4500
003 GCL
008 140319s9999 xx 000 0 ara d
040 _aGCL /
_cGCL
082 0 4 _aط
_b813.088
_bم د
100 1 _aمنصور على عرابى
245 1 0 _aدعوة للضحك /
_cمنصور على عرابى
490 _aاطفالنا
_v0
650 0 4 _aالاطفال
650 0 4 _aقصص الاطفال
650 0 4 _aالقصص الدينية
942 _2ddc
_cBK
999 _c38972
_d38972